000
00293nam a2200121Ia 4500
008
191201s2012 xx 000 0 und d
100
_a
ADITHAN, M
245
0
_a
Manufacturing Technology
250
_a
Rep
260
_c
2012
_b
New Age International
_a
NEW DELHI
300
_a
372
942
_2
ddc
_c
BK
999
_c
8023
_d
8023